[Event "NED-chT 0405"]
[Site "Netherlands"]
[Date "2005.04.17"]
[Round "9.1"]
[White "Jonkman, Harmen"]
[Black "Cardon, Helmut"]
[Result "1-0"]
[WhiteElo "2417"]
[BlackElo "2386"]
[PlyCount "57"]
[EventDate "2004.09.18"]
[EventType "team-tourn"]
[EventRounds "9"]
[EventCountry "NED"]
[SourceTitle "EXT 2014"]
[Source "ChessBase"]
[SourceDate "2013.11.20"]
[SourceVersion "1"]
[SourceVersionDate "2013.11.20"]
[SourceQuality "1"]
[WhiteTeam "Groningen"]
[BlackTeam "Sas van Gent"]
[WhiteTeamCountry "NED"]
[BlackTeamCountry "NED"]

1. e4 c5 2. c3 d5 3. exd5 Qxd5 4. d4 Nf6 5. Nf3 Bg4 6. dxc5 Qxc5 7. h3 Bh5 8. Na3 Nbd7 9. Be3 Qc7 10. Nb5 Qb8 11. g4 Bg6 12. g5 Ne4 13. Nh4 a6 14. Nxg6 hxg6 15. Qg4 Nd6 16. Nxd6+ Qxd6 17. Bg2 Qc7 18. Qf3 Rb8 19. 0-0-0 e6 20. h4 Bc5 21. Bf4 e5 22. Bg3 f5 23. Qd5 Ke7 24. h5 Rxh5 25. Rxh5 gxh5 26. g6 Rf8 27. Bh3 Qc6 28. Bh4+ Ke8 29. Qxe5+ 1-0

[Event "NED-chT 0304"]
[Site "Netherlands"]
[Date "2004.03.06"]
[Round "6.1"]
[White "Nijboer, Friso"]
[Black "Cardon, Helmut"]
[Result "1-0"]
[WhiteElo "2586"]
[BlackElo "2377"]
[PlyCount "99"]
[EventDate "2003.09.27"]
[EventType "team-tourn"]
[EventRounds "9"]
[EventCountry "NED"]
[SourceTitle "EXT 2014"]
[Source "ChessBase"]
[SourceDate "2013.11.20"]
[SourceVersion "1"]
[SourceVersionDate "2013.11.20"]
[SourceQuality "1"]
[WhiteTeam "Hilversum HSG"]
[BlackTeam "Sas van Gent"]
[WhiteTeamCountry "NED"]
[BlackTeamCountry "NED"]

1. e4 c5 2. Nf3 d6 3. d4 cxd4 4. Nxd4 Nf6 5. Nc3 Nc6 6. Bg5 e6 7. Qd2 a6 8. 0-0-0 h6 9. Be3 Be7 10. f4 Nxd4 11. Bxd4 b5 12. Qe3 Qc7 13. e5 dxe5 14. fxe5 Nd7 15. Ne4 Bb7 16. Nd6+ Qxd6 17. exd6 Bg5 18. Qxg5 hxg5 19. Bxg7 Rh4 20. Bc3 Bd5 21. Be1 Rh6 22. b3 Nc5 23. Kb2 Kd7 24. h3 Kc6 25. Ba5 e5 26. c4 bxc4 27. d7 Nxd7 28. Rxd5 Kxd5 29. Bxc4+ Ke4 30. Rd1 Ra7 31. Bxf7 Rf6 32. Bd5+ Kf4 33. Bd2+ Kg3 34. Bxg5 Rf2+ 35. Ka3 Rc7 36. Rd3+ Kh2 37. Bh4 Rf1 38. Bg3+ Kg1 39. Rd2 Rc5 40. Bc4 Rxc4 41. bxc4 Nb6 42. Rc2 e4 43. c5 Nd5 44. c6 Rd1 45. c7 Rd3+ 46. Kb2 Ne7 47. Bf2+ Kf1 48. Bh4 Nc8 49. Rf2+ Kg1 50. Rf8 1-0

[Event "NED-chT 0102"]
[Site "Netherlands"]
[Date "2002.04.06"]
[Round "8.3"]
[White "Cardon, Helmut"]
[Black "Schebler, Gerhard"]
[Result "0-1"]
[WhiteElo "2373"]
[BlackElo "2474"]
[PlyCount "75"]
[EventDate "2001.09.29"]
[EventType "team-tourn"]
[EventRounds "9"]
[EventCountry "NED"]
[SourceTitle "EXT 2015"]
[Source "ChessBase"]
[SourceDate "2014.11.20"]
[SourceVersion "1"]
[SourceVersionDate "2014.11.20"]
[SourceQuality "1"]
[WhiteTeam "Sas van Gent"]
[BlackTeam "ING/ESGOO Enschede"]
[WhiteTeamCountry "NED"]
[BlackTeamCountry "NED"]

1. d4 Nf6 2. c4 g6 3. Nc3 Bg7 4. e4 d6 5. f4 Bg4 6. Qd2 0-0 7. f5 Nc6 8. d5 Ne5 9. h3 Nxe4 10. Nxe4 Bxf5 11. Nc3 Re8 12. Be2 e6 13. Kd1 Qh4 14. Nf3 Nxf3 15. gxf3 Qf2 16. h4 exd5 17. Nxd5 c6 18. Nc3 Re6 19. Rf1 Qxh4 20. Qf4 Qh3 21. Bd2 Rxe2 22. Kxe2 Re8+ 23. Ne4 d5 24. Kf2 Bd4+ 25. Be3 Bxe3+ 26. Qxe3 Qh4+ 27. Kg1 dxe4 28. f4 Rd8 29. Rf2 Rd3 30. Qxa7 Rg3+ 31. Rg2 Rxg2+ 32. Kxg2 Bh3+ 33. Kh2 Bg4+ 34. Kg2 Bf3+ 35. Kf1 Qh1+ 36. Qg1 Qh4 37. Qg5 Qh3+ 38. Kf2 0-1

[Event "NED-chT 0102"]
[Site "Netherlands"]
[Date "2002.02.23"]
[Round "6.1"]
[White "Sokolov, Ivan"]
[Black "Cardon, Helmut"]
[Result "1-0"]
[WhiteElo "2658"]
[BlackElo "2373"]
[PlyCount "36"]
[EventDate "2001.09.29"]
[EventType "team-tourn"]
[EventRounds "9"]
[EventCountry "NED"]
[SourceTitle "EXT 2015"]
[Source "ChessBase"]
[SourceDate "2014.11.20"]
[SourceVersion "1"]
[SourceVersionDate "2014.11.20"]
[SourceQuality "1"]
[WhiteTeam "Ordina Breda"]
[BlackTeam "Sas van Gent"]
[WhiteTeamCountry "NED"]
[BlackTeamCountry "NED"]

1. d4 Nf6 2. c4 e6 3. Nc3 d5 4. cxd5 exd5 5. Bg5 Be7 6. e3 0-0 7. Bd3 Nbd7 8. Nf3 Re8 9. 0-0 c6 10. Qc2 Nf8 11. h3 g6 12. Bh6 Ne6 13. Ne5 Ng7 14. g4 Nd7 15. f4 Nxe5 16. dxe5 Bc5 17. Rf3 Ne6 18. Qf2 Bf8 1-0

[Event "NED-chT 0102"]
[Site "Netherlands"]
[Date "2001.09.29"]
[Round "1.2"]
[White "Van der Hoeven, Gert Jan"]
[Black "Cardon, Helmut"]
[Result "1/2-1/2"]
[WhiteElo "2268"]
[BlackElo "2373"]
[PlyCount "79"]
[EventDate "2001.09.29"]
[EventType "team-tourn"]
[EventRounds "9"]
[EventCountry "NED"]
[SourceTitle "CBM 085 Extra"]
[Source "ChessBase"]
[SourceDate "2002.01.21"]
[SourceVersion "1"]
[SourceVersionDate "2002.01.21"]
[SourceQuality "1"]
[WhiteTeam "Amsterdam Max Euwe"]
[BlackTeam "Sas van Gent"]
[WhiteTeamCountry "NED"]
[BlackTeamCountry "NED"]

1. e4 c5 2. Nf3 Nc6 3. d4 cxd4 4. Nxd4 Nf6 5. Nc3 d6 6. Bg5 e6 7. Bc4 Be7 8. Bb3 Qa5 9. Bxf6 Bxf6 10. Nde2 0-0 11. Qxd6 Rd8 12. Qg3 b6 13. 0-0 Ba6 14. Rfe1 Rd2 15. Rad1 Rad8 16. Rxd2 Rxd2 17. Qe3 Rxe2 18. Rxe2 Bxc3 19. bxc3 Bxe2 20. Qxe2 Qxc3 21. h4 h5 22. Kh2 g6 23. Qc4 Qe5+ 24. g3 Qd6 25. c3 Ne5 26. Qe2 Qc5 27. Qc2 Nf3+ 28. Kh3 Qc8 29. Qb2 e5+ 30. Kg2 Qg4 31. Qe2 Nxh4+ 32. Kf1 Nf3 33. Qb5 Qc8 34. Ke2 Ng5 35. Qxe5 Qg4+ 36. Kf1 Qh3+ 37. Ke2 Qg4+ 38. Kf1 Qh3+ 39. Ke2 Qg4+ 40. Kf1 1/2-1/2